Digital Broad Casting Journalism (Record no. 3947)

MARC details
000 -LEADER
fixed length control field 00418nam a22001697a 4500
005 - DATE AND TIME OF LATEST TRANSACTION
control field 20160625104801.0
008 - FIXED-LENGTH DATA ELEMENTS--GENERAL INFORMATION
fixed length control field 160625b xxu||||| |||| 00| 0 eng d
020 ## - INTERNATIONAL STANDARD BOOK NUMBER
ISBN 81-7273-213-9
041 ## - LANGUAGE CODE
Language code of text/sound track or separate title eng
082 ## - DEWEY DECIMAL CLASSIFICATION NUMBER
Item number 10141
100 ## - MAIN ENTRY--AUTHOR NAME
Personal name Sharma, Jitendra Kumar
245 ## - TITLE STATEMENT
Title Digital Broad Casting Journalism
260 ## - PUBLICATION, DISTRIBUTION, ETC. (IMPRINT)
Name of publisher Authours Press
Year of publication 2005
300 ## - PHYSICAL DESCRIPTION
Number of Pages 300
650 ## - SUBJECT ADDED ENTRY--TOPICAL TERM
Topical Term Mass Communication
942 ## - ADDED ENTRY ELEMENTS (KOHA)
Koha item type Books
Holdings
Lost status Damaged status Collection code Home library Current library Shelving location Date acquired Cost, normal purchase price Full call number Accession Number Koha item type
    MANAGEMENT JRU Library JRU Library SHELF-35-H 25/06/2016 325.00 10141 10141 Books
    MANAGEMENT JRU Library JRU Library SHELF-35-H 25/06/2016 325.00 10141 10142 Books
      JRU Library   SHELF-32-J 25/06/2016 325.00 10141 10143 Books